Agenda For Transformation: Some Thoughts (Record no. 225253)
[ view plain ]
| 000 -LEADER | |
|---|---|
| fixed length control field | 00739nam a22002537a 4500 |
| 005 - DATE AND TIME OF LATEST TRANSACTION | |
| control field | 20221122093835.0 |
| 008 - FIXED-LENGTH DATA ELEMENTS--GENERAL INFORMATION | |
| fixed length control field | 221122b ||||| |||| 00| 0 eng d |
| 040 ## - CATALOGING SOURCE | |
| Transcribing agency | AL |
| 041 ## - LANGUAGE CODE | |
| Language code of text/sound track or separate title | English |
| 082 ## - DEWEY DECIMAL CLASSIFICATION NUMBER | |
| Edition number | 23 |
| Classification number | 306.2 |
| Item number | PATA |
| 100 ## - MAIN ENTRY--PERSONAL NAME | |
| Personal name | Shivraj Patil and others |
| 100 ## - MAIN ENTRY--PERSONAL NAME | |
| 9 (RLIN) | 63041 |
| 245 ## - TITLE STATEMENT | |
| Title | Agenda For Transformation: Some Thoughts |
| 260 ## - PUBLICATION, DISTRIBUTION, ETC. | |
| Place of publication, distribution, etc. | New Delhi |
| Name of publisher, distributor, etc. | Private Circulation |
| Date of publication, distribution, etc. | 1992 |
| 300 ## - PHYSICAL DESCRIPTION | |
| Extent | 33 p. |
| Other physical details | PB |
| Dimensions | 18x12 cm. |
| 650 ## - SUBJECT ADDED ENTRY--TOPICAL TERM | |
| Topical term or geographic name entry element | Sociology |
| 9 (RLIN) | 63042 |
| 700 ## - ADDED ENTRY--PERSONAL NAME | |
| Personal name | PATIL (Shivraj) |
| 9 (RLIN) | 63043 |
| 700 ## - ADDED ENTRY--PERSONAL NAME | |
| Personal name | PANDIT (M P) |
| 9 (RLIN) | 63044 |
| 700 ## - ADDED ENTRY--PERSONAL NAME | |
| Personal name | FAROOK (M O H) |
| 9 (RLIN) | 63045 |
| 700 ## - ADDED ENTRY--PERSONAL NAME | |
| Personal name | SINGH (Harswarup) |
| 9 (RLIN) | 63046 |
| 700 ## - ADDED ENTRY--PERSONAL NAME | |
| Personal name | Vaithilingam |
| 9 (RLIN) | 63047 |
| 700 ## - ADDED ENTRY--PERSONAL NAME | |
| Personal name | UNNIKRISHNAN (K) |
| 9 (RLIN) | 63048 |
| 700 ## - ADDED ENTRY--PERSONAL NAME | |
| Personal name | VENKATRAMAIAH (E S) |
| 9 (RLIN) | 63049 |
| 942 ## - ADDED ENTRY ELEMENTS (KOHA) | |
| Source of classification or shelving scheme | Dewey Decimal Classification |
| Koha item type | George Fernandes Collections |
| Withdrawn status | Lost status | Source of classification or shelving scheme | Damaged status | Not for loan | Collection code | Home library | Current library | Date acquired | Total Checkouts | Full call number | Barcode | Date last seen | Price effective from | Koha item type |
|---|---|---|---|---|---|---|---|---|---|---|---|---|---|---|
| Dewey Decimal Classification | Sociology | St Aloysius Library | St Aloysius Library | 03/23/2013 | 306.2 PATA | GF02099 | 11/22/2022 | 11/22/2022 | George Fernandes Collections |